Three Most Populous Cities In Each U.S. State - Statistics

General Stats
  • This quiz has been taken 30 times
  • The average score is 107 of 150
Answer Stats
State Most Populous Cities % Correct
Maryland Baltimore
100%
Ohio Cincinnati
100%
Ohio Cleveland
100%
Texas Dallas
100%
Texas Houston
100%
California Los Angeles
100%
Oklahoma Oklahoma City
100%
Maine | Oregon Portland
100%
Texas San Antonio
100%
California San Diego
100%
Alaska Anchorage
96%
Alabama Birmingham
96%
Idaho Boise
96%
Massachusetts Boston
96%
Georgia | Ohio Columbus
96%
Colorado Denver
96%
Michigan Detroit
96%
Mississippi Jackson
96%
Florida Jacksonville
96%
Nevada Las Vegas
96%
Arkansas Little Rock
96%
Florida Miami
96%
Louisiana New Orleans
96%
Pennsylvania Philadelphia
96%
Arizona Phoenix
96%
Pennsylvania Pittsburgh
96%
California San Jose
96%
Washington Seattle
96%
Massachusetts | Missouri Springfield
96%
New Mexico Albuquerque
92%
Georgia Atlanta
92%
Louisiana Baton Rouge
92%
North Carolina Charlotte
92%
Illinois Chicago
92%
Colorado Colorado Springs
92%
Hawaii Honolulu
92%
Indiana Indianapolis
92%
Alaska Juneau
92%
Kansas | Missouri Kansas City
92%
Tennessee Memphis
92%
Minnesota Minneapolis
92%
Alabama Montgomery
92%
New York New York City
92%
Rhode Island Providence
92%
Minnesota | New York Rochester
92%
Missouri Saint Louis
92%
Tennessee Nashville
88%
Delaware | New Jersey Newark
88%
Nebraska Omaha
88%
Minnesota Saint Paul
88%
Utah Salt Lake City
88%
Florida Tampa
88%
Arizona Tucson
88%
Oklahoma Tulsa
88%
Virginia Virginia Beach
88%
Georgia Augusta
84%
New York Buffalo
84%
South Carolina | West Virginia Charleston
84%
Wyoming Cheyenne
84%
New Jersey Jersey City
84%
Nebraska Lincoln
84%
Kentucky Louisville
84%
Arizona Mesa
84%
Wisconsin Milwaukee
84%
Colorado | Illinois Aurora
80%
Iowa Des Moines
80%
Delaware Dover
80%
Alaska Fairbanks
80%
Nevada Henderson
80%
Wisconsin Madison
80%
Nevada Reno
80%
Oregon Salem
80%
Washington Spokane
80%
Montana Billings
76%
Michigan Grand Rapids
76%
Tennessee Knoxville
76%
South Dakota Sioux Falls
76%
Connecticut Bridgeport
72%
Vermont Burlington
72%
Connecticut New Haven
72%
Kansas Wichita
72%
North Dakota Bismarck
68%
South Carolina Columbia
68%
North Dakota Fargo
68%
Indiana Fort Wayne
68%
Delaware Wilmington
68%
Alabama Huntsville
64%
Virginia Norfolk
64%
Virginia Chesapeake
60%
New Hampshire Concord
60%
North Carolina Greensboro
60%
New Hampshire Manchester
60%
Utah Provo
60%
Louisiana Shreveport
60%
Maine Bangor
56%
Oregon Eugene
56%
Wisconsin Green Bay
56%
Washington Tacoma
56%
Massachusetts Worcester
56%
Wyoming Casper
52%
Indiana Evansville
52%
New Mexico Las Cruces
52%
Kentucky Lexington
52%
North Carolina Raleigh
52%
Iowa Davenport
48%
Hawaii Hilo
48%
Illinois Naperville
48%
Pennsylvania Allentown
44%
Arkansas Fayetteville
44%
Arkansas Fort Smith
44%
North Dakota Grand Forks
44%
South Dakota Rapid City
44%
South Dakota Aberdeen
40%
Hawaii East Honolulu
40%
West Virginia Huntington
40%
Montana Missoula
40%
New Hampshire Nashua
40%
Oklahoma Norman
40%
South Carolina North Charleston
40%
Kansas Overland Park
40%
Connecticut Stamford
40%
Iowa Cedar Rapids
36%
Maryland Frederick
36%
Wyoming Laramie
36%
Idaho Nampa
36%
Michigan Warren
36%
Rhode Island Warwick
36%
Utah West Valley City
36%
Mississippi Gulfport
32%
Idaho Meridian
32%
New Mexico Rio Rancho
32%
Vermont South Burlington
32%
Kentucky Bowling Green
28%
Montana Great Falls
28%
West Virginia Morgantown
28%
New Jersey Paterson
28%
Vermont Essex (Essex Junction)
24%
Nebraska Bellevue
20%
Rhode Island Cranston
20%
Maine Lewiston
16%
Mississippi Southaven
16%
Maryland Rockville
0%
No matching quizzes found
Score Distribution
Percent of People with Each Score
Percentile by Number Answered
Your Score History
You have not taken this quiz